000 00725cam a2200217 4500
001 ABS61703
008 000000n1999 000 0 eng u
035 _a(Sirsi) u103186
100 _aKirkwood, J.
245 _aContact kit cut to fit property
260 _c1999
490 _aEstates Gazette
_v (9942) 23 October 1999, 126-127(2)
520 _aA review of Microsoft Outlook 2000, a communication and task management system which can be adapted to estate agency needs. Taken from journal headnote.
590 _aABS
650 _aESTATE AGENCY
650 _aMICROSOFT
650 _aOUTLOOK 2000
650 _aCONTACT MANAGEMENT
690 _aMANAGEMENT-BUSINESS MANAGEMENT-INFORMATION MANAGEMENT
942 _n0
999 _c62017
_d62017